The Oxford 3000 - Letter D - Translate from Polish to English - Statystyki

Ogólne statystyki
  • Ten quiz został rozwiązany 31 razy
  • Średni wynik to 56 z 165
Statystyki odpowiedzi
Polish Angielski % Poprawnych
tańczyć; taniec(rodzaj) dance
100%
niebezpieczny dangerous
88%
debata; debatować debate
88%
ozdoba; dekoracja decoration
88%
niebezpieczeństwo; zagrożenie danger
75%
ciemny; mroczny dark
75%
definicja definition
75%
umrzeć; umierać die
75%
pobierać; ściągać; pobieranie; ściąganie download
75%
pijany drunk
75%
tata dad
63%
data; randka; spotykać się; randkować; datować date
63%
córka daughter
63%
dzień day
63%
umowa; transakcja; handlować; zajmować się czymś; rozdawać karty deal
63%
drogi; kochany (np. przyjacielu) dear
63%
śmierć death
63%
dekada decade
63%
Grudzień December
63%
obrona defence
63%
szczegół; detal; wyszczególniać detail
63%
diagram diagram
63%
słownik dictionary
63%
dyrektor; reżyser director
63%
naczynie; danie; potrawa dish
63%
dokument; dokumentować document
63%
dolar dollar
63%
dominować dominate
63%
kierowca driver
63%
suchy; suszyć; wysuszyć dry
63%
taniec(czynność) dancing
50%
martwy; nieżywy dead
50%
decyzja decision
50%
oświadczać; deklarować declare
50%
zdecydowanie; definitywnie; z pewnością definitely
50%
stopień(np. temperatury) degree
50%
wykazać; zademonstrować demonstrate
50%
biurko desk
50%
miejsce podróży; kierunek podróży destination
50%
detektyw detective
50%
dialog dialogue
50%
pamiętnik; dziennik diary
50%
dieta diet
50%
rozczarowany; zawiedziony disappointed
50%
dysk; dyskietka disc
50%
odległość; dystans distance
50%
robić; zrobić do
50%
film dokumentalny; dokument documentary
50%
drzwi; drzwiczki door
50%
dramat drama
50%
marzenie; sen; marzyć; śnić dream
50%
lek; narkotyk drug
50%
tancerz; tancerka dancer
38%
ciemność; mrok darkness
38%
dług; zadłużenie debt
38%
decydować decide
38%
ozdabiać; dekorować decorate
38%
głęboki; głęboko(fizycznie) deep
38%
określać; definiować define
38%
pyszny; przepyszny delicious
38%
zaprzeczać deny
38%
przygnębiony; w depresji depressed
38%
zdesperowany; desperacki desperate
38%
szczegółowy detailed
38%
określony; ustalony; zdeterminowany determined
38%
diament diamond
38%
różny; inny different
38%
kierunek direction
38%
brudny; zabrudzony dirty
38%
znikać disappear
38%
dyscyplina discipline
38%
odkrywać; odkryć discover
38%
rozprowadzać; dystrybuować distribute
38%
podział; dzielenie; dywizja division
38%
rozwiedziony divorced
38%
doktor; lekarz doctor
38%
pies dog
38%
podwójny; podwójnie; podwajać double
38%
w dół; na dół down
38%
rysować; remis; losowanie draw
38%
rysunek drawing
38%
ubrany dressed
38%
jechać; jeździć; wieźć; prowadzić; napęd drive
38%
jazda driving
38%
podczas; w trakcie; w ciągu during
38%
pył; kurz; proch dust
38%
uszkodzić; szkoda; obrażenie damage
25%
dane data
25%
głęboko(emocjonalnie) deeply
25%
dostarczać; dowozić deliver
25%
dentysta; dentystka dentist
25%
wydział; dział; departament department
25%
zależeć depend
25%
przygnębiający; depresyjny depressing
25%
głębokość depth
25%
opisywać describe
25%
projektant; projektantka designer
25%
pragnienie; chęć; pragnąć; pożądać desire
25%
pomimo; mimo despite
25%
rozwijać develop
25%
rozwój development
25%
kopać; wykopać dig
25%
brud dirt
25%
niekorzyść; niedogodność disadvantage
25%
nie zgadzać się disagree
25%
rozczarowujący; niezadowalający disappointing
25%
katastrofa; klęska disaster
25%
odkrycie; odkrywanie discovery
25%
omawiać; dyskutować discuss
25%
omówienie; dyskusja discussion
25%
choroba; schorzenie disease
25%
dzielnica; dystrykt district
25%
dzielić; podzielić; podział; rozłam divide
25%
wątpliwość; wątpić doubt
25%
dramatyczny dramatic
25%
sukienka; suknia; ubierać dress
25%
napój; pić; wypić; popić drink
25%
upuszczać; upuścić; zrzucać; kropla; spadek drop
25%
codzienny; dzienny; codziennie; dziennie daily
13%
odmówić; spadać; upadać; spadek; upadek decline
13%
zmniejszać się; maleć; zmniejszenie decrease
13%
pokonać; przegrana; porażka; klęska defeat
13%
obraniać; bronić defend
13%
określony; zdefiniowany definite
13%
opóźnienie; opóźniać delay
13%
rozkosz; zachwyt; zachwycać delight
13%
zachwycony delighted
13%
dostawa delivery
13%
opis; opisanie description
13%
zasługiwać; zasłużyć deserve
13%
projekt; projektować design
13%
zniszczyć; niszczyć destroy
13%
wykrywać detect
13%
urządzenie device
13%
różnica difference
13%
różnie; inaczej differently
13%
trudny difficult
13%
cyfrowy digital
13%
bezpośrednio directly
13%
nieuczciwy; nieszczery dishonest
13%
wyświetlacz; wyświetlać; wystawiać display
13%
rozprowadzenie; dystrybucja distribution
13%
krajowy; domowy domestic
13%
tuzin(12) dozen
13%
wersja robocza; szkic; zarys; przygotować (wersje roboczą itp.) draft
13%
bęben drum
13%
obowiązek; powinność; cło duty
13%
przyzwoity; porządny decent
0%
celowy; zamierzony; umyślny deliberate
0%
celowo; umyślnie; z premedytacją deliberately
0%
zapotrzebowanie; popyt; żądać demand
0%
wyjście; wyjazd; wylot departure
0%
pustynia; dezerterować desert
0%
określić; ustalić; stwierdzić determine
0%
trudność difficulty
0%
obiad; kolacja dinner
0%
bezpośredni; bezpośrednio; kierować; skierować direct
0%
rabat; zniżka; obniżka; obniżać cenę discount
0%
niechęć; nie lubić dislike
0%
odrzucać dismiss
0%
podarować donate
0%
na dole; na dół; na niższym piętrze downstairs
0%
w dół; do dołu downwards
0%
ciągnąć; pociągnąć; targać (mocno) drag
0%
z powodu; należny; należyty due
0%
Nie znaleziono quizów pasujących do podanych kryteriów
Rozkład punktacji
Procent ludzi z każdym wynikiem
Percentyl według liczby udzielonych odpowiedzi
Twoja historia wyników
Nie rozwiązałeś tego quizu